[Event "HUN-chT2 Charousek 1819"]
[Site "Hungary"]
[Date "2019.03.10"]
[Round "9.10"]
[White "Haselbach, David"]
[Black "Berta, Tibor"]
[Result "1-0"]
[WhiteElo "2046"]
[BlackElo "2068"]
[PlyCount "163"]
[EventDate "2018.09.23"]
[EventType "team-tourn"]
[EventRounds "11"]
[EventCountry "HUN"]
[SourceTitle "EXT 2021"]
[Source "ChessBase"]
[SourceDate "2020.10.23"]
[SourceVersion "1"]
[SourceVersionDate "2020.10.23"]
[SourceQuality "1"]
[WhiteTeam "Aquaprofit Nagykanizsa II"]
[BlackTeam "Paks ASE II"]
[WhiteTeamCountry "HUN"]
[BlackTeamCountry "HUN"]

1. d4 Nf6 2. Nf3 d5 3. Bf4 Bf5 4. e3 e6 5. Bd3 Bg4 6. Nbd2 Bd6 7. Bg3 0-0 8. c3 c5 9. Qb1 Nc6 10. Ne5 Bh5 11. Ndf3 Rc8 12. 0-0 Qe7 13. Bh4 Bg6 14. Ng4 a6 15. Nfe5 Qd8 16. Bxf6 gxf6 17. Nd7 Bxd3 18. Qxd3 f5 19. Nh6+ Kh8 20. Nxf8 Qxf8 21. Nxf5 exf5 22. Qxf5 Rd8 23. dxc5 Bxc5 24. Rad1 Ne7 25. Qe5+ Kg8 26. Qc7 Bd6 27. Qxb7 Qh6 28. g3 a5 29. c4 Rb8 30. Qd7 Qe6 31. Qa4 Rxb2 32. cxd5 Qe5 33. Qxa5 Nf5 34. Qd8+ Kg7 35. Qg5+ Kf8 36. Rc1 Ne7 37. Qxe5 Bxe5 38. Rfd1 Bd6 39. e4 f6 40. f4 Ng6 41. Rc6 Ke7 42. a4 Kd7 43. Rc4 h5 44. Rdc1 Ne7 45. R1c2 Rb1+ 46. Kg2 h4 47. Kh3 hxg3 48. hxg3 Rb3 49. R2c3 Rb2 50. a5 Ra2 51. Rb3 Rxa5 52. Rb7+ Kd8 53. Rb6 Kd7 54. Rb2 Ra3 55. Kh2 Ra8 56. Re2 Ng6 57. Rc6 Ra7 58. Rb6 Kc7 59. Rc6+ Kd7 60. Rb2 Ne7 61. Rcb6 Rc7 62. Rxd6+ Kxd6 63. Rb6+ Kd7 64. Rxf6 Rc5 65. d6 Nc6 66. e5 Nd4 67. Kh3 Rc3 68. Rf7+ Kd8 69. Kg4 Ne2 70. e6 Rxg3+ 71. Kf5 Nd4+ 72. Kf6 Rg8 73. f5 Nc6 74. Rc7 Rf8+ 75. Kg7 Rxf5 76. Rxc6 Rf3 77. e7+ Kd7 78. Rc7+ Kxd6 79. e8Q Kxc7 80. Qe5+ Kb6 81. Qd6+ Ka7 82. Qc7+ 1-0

[Event "HUN-chT2 Charousek 1718"]
[Site "Hungary"]
[Date "2018.02.18"]
[Round "6.11"]
[White "Berta, Tibor"]
[Black "Marton, Jozsef"]
[Result "0-1"]
[WhiteElo "2076"]
[BlackElo "2083"]
[PlyCount "95"]
[EventDate "2017.10.29"]
[EventType "team-tourn"]
[EventRounds "9"]
[EventCountry "HUN"]
[SourceTitle "EXT 2020"]
[Source "ChessBase"]
[SourceDate "2019.10.17"]
[SourceVersion "1"]
[SourceVersionDate "2019.10.17"]
[SourceQuality "1"]
[WhiteTeam "Paks ASE II"]
[BlackTeam "Tapolca Rockwool"]
[WhiteTeamCountry "HUN"]
[BlackTeamCountry "HUN"]

1. d4 d5 2. Nf3 Nf6 3. Bf4 c5 4. c3 e6 5. e3 Qb6 6. Qc2 Nc6 7. Be2 Bd7 8. 0-0 Rc8 9. dxc5 Bxc5 10. Nbd2 0-0 11. Qb3 h6 12. Rac1 Rfd8 13. Rfd1 Nh5 14. Qxb6 Bxb6 15. Bg3 Nxg3 16. hxg3 Kf8 17. Nb3 Ke7 18. c4 dxc4 19. Bxc4 Na5 20. Nxa5 Bxa5 21. Bb3 f6 22. Rc4 Rxc4 23. Bxc4 Rc8 24. Bd3 Rd8 25. Bc4 b5 26. Bb3 Bb6 27. Kf1 a5 28. a3 Rc8 29. Ne1 a4 30. Bc2 Bc5 31. Bd3 b4 32. axb4 Bxb4 33. Nc2 Bd6 34. Nd4 Rb8 35. Rd2 Be5 36. Ke2 Rb4 37. Be4 Bxd4 38. exd4 Bb5+ 39. Bd3 Bc6 40. Ke3 Rb3 41. f3 Bb5 42. g4 Kd6 43. Ke2 Bxd3+ 44. Rxd3 Rxb2+ 45. Ke3 Rb3 46. Rxb3 axb3 47. Kd3 Kd5 48. Kc3 0-1

[Event "HUN-chT2 Charousek 1516"]
[Site "Hungary"]
[Date "2016.04.17"]
[Round "9.9"]
[White "Joo, Gabor"]
[Black "Berta, Tibor"]
[Result "1/2-1/2"]
[WhiteElo "2017"]
[BlackElo "2099"]
[PlyCount "22"]
[EventDate "2015.10.18"]
[EventType "team-tourn"]
[EventRounds "9"]
[EventCountry "HUN"]
[SourceTitle "EXT 2017"]
[Source "ChessBase"]
[SourceDate "2016.10.25"]
[SourceVersion "1"]
[SourceVersionDate "2016.10.25"]
[SourceQuality "1"]
[WhiteTeam "Haladas II"]
[BlackTeam "Paks ASE II"]
[WhiteTeamCountry "HUN"]
[BlackTeamCountry "HUN"]

1. e4 Nf6 2. Nc3 d5 3. exd5 Nxd5 4. Nxd5 Qxd5 5. Qf3 c6 6. Qxd5 cxd5 7. Bb5+ Bd7 8. Bxd7+ Kxd7 9. d4 Nc6 10. c3 e6 11. Nf3 h6 1/2-1/2

[Event "HUN-chT2 Charousek 1516"]
[Site "Hungary"]
[Date "2016.02.28"]
[Round "6.11"]
[White "Berta, Tibor"]
[Black "Gyarmati, Janos"]
[Result "1/2-1/2"]
[WhiteElo "2099"]
[BlackElo "2020"]
[PlyCount "44"]
[EventDate "2015.10.18"]
[EventType "team-tourn"]
[EventRounds "9"]
[EventCountry "HUN"]
[SourceTitle "EXT 2017"]
[Source "ChessBase"]
[SourceDate "2016.10.25"]
[SourceVersion "1"]
[SourceVersionDate "2016.10.25"]
[SourceQuality "1"]
[WhiteTeam "Paks ASE II"]
[BlackTeam "Tapolca Rockwool"]
[WhiteTeamCountry "HUN"]
[BlackTeamCountry "HUN"]

1. d4 d5 2. Nf3 Nf6 3. Bf4 e6 4. e3 Bd6 5. Bg3 0-0 6. Be2 b6 7. 0-0 Bb7 8. c4 Ne4 9. Nc3 dxc4 10. Nxe4 Bxe4 11. Bxc4 Nd7 12. Rc1 Bxg3 13. hxg3 c5 14. Qe2 Qe7 15. Rfd1 Rfd8 16. a3 h6 17. dxc5 Nxc5 18. b4 Nb7 19. Nd4 Nd6 20. Ba6 e5 21. Nc6 Bxc6 22. Rxc6 Rd7 1/2-1/2

[Event "HUN-chT2 Charousek 1415"]
[Site "Hungary"]
[Date "2015.02.08"]
[Round "6"]
[White "Szabo, Richard"]
[Black "Berta, Tibor"]
[Result "1/2-1/2"]
[WhiteElo "2189"]
[BlackElo "2071"]
[PlyCount "20"]
[EventDate "2014.10.12"]
[EventType "team-tourn"]
[EventRounds "9"]
[EventCountry "HUN"]
[SourceTitle "EXT 2016"]
[Source "ChessBase"]
[SourceDate "2015.10.08"]
[SourceVersion "1"]
[SourceVersionDate "2015.10.08"]
[SourceQuality "1"]
[WhiteTeam "Decs"]
[BlackTeam "Paks ASE II"]
[WhiteTeamCountry "HUN"]
[BlackTeamCountry "HUN"]

1. c4 Nf6 2. Nc3 e6 3. e4 c5 4. g3 Nc6 5. Bg2 Be7 6. Nge2 0-0 7. 0-0 a6 8. d3 Qc7 9. a3 Rb8 10. a4 b6 1/2-1/2

[Event "HUN-chT2 Charousek 1415"]
[Site "Hungary"]
[Date "2014.12.14"]
[Round "4"]
[White "Fur, Katinka"]
[Black "Berta, Tibor"]
[Result "1/2-1/2"]
[WhiteElo "2019"]
[BlackElo "2071"]
[PlyCount "25"]
[EventDate "2014.10.12"]
[EventType "team-tourn"]
[EventRounds "9"]
[EventCountry "HUN"]
[SourceTitle "EXT 2016"]
[Source "ChessBase"]
[SourceDate "2015.10.08"]
[SourceVersion "1"]
[SourceVersionDate "2015.10.08"]
[SourceQuality "1"]
[WhiteTeam "Balatonfuered"]
[BlackTeam "Paks ASE II"]
[WhiteTeamCountry "HUN"]
[BlackTeamCountry "HUN"]

1. d4 Nf6 2. Nf3 d5 3. c4 e6 4. Nc3 Be7 5. Bf4 c6 6. e3 0-0 7. cxd5 exd5 8. Qc2 Re8 9. Bd3 Nbd7 10. 0-0 Nf8 11. Rfc1 Bd6 12. Bxd6 Qxd6 13. Rab1 1/2-1/2

[Event "HUN-chT2 Charousek 1314"]
[Site "Hungary"]
[Date "2014.03.23"]
[Round "9"]
[White "Kovacs, Klara"]
[Black "Berta, Tibor"]
[Result "1-0"]
[WhiteElo "2198"]
[BlackElo "2097"]
[PlyCount "103"]
[EventDate "2013.09.08"]
[EventType "team-tourn"]
[EventRounds "11"]
[EventCountry "HUN"]
[SourceTitle "EXT 2016"]
[Source "ChessBase"]
[SourceDate "2015.10.08"]
[SourceVersion "1"]
[SourceVersionDate "2015.10.08"]
[SourceQuality "1"]
[WhiteTeam "Budapest HUSI"]
[BlackTeam "Paks ASE II"]
[WhiteTeamCountry "HUN"]
[BlackTeamCountry "HUN"]

1. Nf3 Nf6 2. c4 e6 3. g3 b6 4. Bg2 Bb7 5. d3 Be7 6. 0-0 0-0 7. b3 c5 8. Bb2 Qc7 9. Nc3 a6 10. e4 d6 11. Re1 Rd8 12. d4 cxd4 13. Nxd4 Nc6 14. Nc2 Rac8 15. Kh1 Qb8 16. f4 Bf8 17. Qe2 Na7 18. Nd4 Nc6 19. Na4 Ba8 20. f5 e5 21. Nxc6 Bxc6 22. Nc3 b5 23. Nd5 Bxd5 24. cxd5 Rd7 25. Rac1 Rdc7 26. g4 Nd7 27. g5 f6 28. g6 h6 29. Qd2 Rxc1 30. Rxc1 Rc7 31. Rc6 Be7 32. Qa5 Rxc6 33. dxc6 Nc5 34. b4 Na4 35. Qxa6 Bd8 36. Ba1 Kf8 37. Bf1 Qb6 38. Qxb6 Nxb6 39. Bxb5 d5 40. Bd3 Ke7 41. b5 Kd6 42. Kg2 Kc5 43. Kf3 d4 44. Bb2 Kb4 45. Bc1 Nc4 46. Bxc4 Kxc4 47. Ke2 d3+ 48. Kd1 Kd4 49. Bxh6 Kxe4 50. Bxg7 Kxf5 51. Bf8 Kxg6 52. Bd6 1-0

[Event "HUN-chT2 Charousek 1213"]
[Site "Hungary"]
[Date "2013.02.17"]
[Round "7"]
[White "Monda, Laszlo"]
[Black "Berta, Tibor"]
[Result "1-0"]
[WhiteElo "2122"]
[BlackElo "2109"]
[PlyCount "49"]
[EventDate "2012.09.16"]
[EventType "team-tourn"]
[EventRounds "11"]
[EventCountry "HUN"]
[SourceTitle "EXT 2014"]
[Source "ChessBase"]
[SourceDate "2013.11.20"]
[SourceVersion "1"]
[SourceVersionDate "2013.11.20"]
[SourceQuality "1"]
[WhiteTeam "Kobanya Aquarena"]
[BlackTeam "Paks II"]
[WhiteTeamCountry "HUN"]
[BlackTeamCountry "HUN"]

1. c4 Nf6 2. Nc3 e6 3. g3 c5 4. Bg2 Nc6 5. e4 Be7 6. Nge2 a6 7. d4 cxd4 8. Nxd4 Qc7 9. 0-0 0-0 10. Be3 Rd8 11. Kh1 d6 12. f4 Bd7 13. Rc1 Bf8 14. Nf3 Na5 15. b3 Nc6 16. Na4 Re8 17. Bb6 Qc8 18. Nc3 Qb8 19. e5 dxe5 20. Nxe5 Nxe5 21. fxe5 Qxe5 22. Bd4 Qd6 23. Rxf6 gxf6 24. Ne4 Qa3 25. Nxf6+ 1-0

[Event "HUN-chT2 Charousek 1112"]
[Site "Hungary"]
[Date "2011.11.13"]
[Round "3"]
[White "Berta, Tibor"]
[Black "Solymosi, Istvan"]
[Result "0-1"]
[WhiteElo "2053"]
[BlackElo "2178"]
[PlyCount "140"]
[EventDate "2011.09.25"]
[EventType "team-tourn"]
[EventRounds "11"]
[EventCountry "HUN"]
[SourceTitle "EXT 2013"]
[Source "ChessBase"]
[SourceDate "2012.11.22"]
[SourceVersion "1"]
[SourceVersionDate "2012.11.22"]
[SourceQuality "1"]
[WhiteTeam "Paks II"]
[BlackTeam "Gyor Elektromos"]
[WhiteTeamCountry "HUN"]
[BlackTeamCountry "HUN"]

1. d4 Nf6 2. Nf3 g6 3. g3 Bg7 4. Bg2 c5 5. e3 0-0 6. 0-0 b6 7. b3 Bb7 8. Bb2 d6 9. c4 Nbd7 10. d5 b5 11. Nbd2 Ba6 12. Qc2 Rb8 13. Rab1 bxc4 14. bxc4 Qa5 15. Ba1 Nb6 16. Rfc1 Qa4 17. Bf1 Qxc2 18. Rxc2 Na4 19. Rcc1 Nd7 20. Bxg7 Kxg7 21. Rb3 Rb4 22. Rcb1 Rfb8 23. Kg2 Nc3 24. Rxc3 Rxb1 25. Nxb1 Rxb1 26. Ra3 Rb6 27. Nd2 f5 28. h3 Kf6 29. Rb3 Rb4 30. Ra3 Rb6 31. Rb3 e6 32. dxe6 Kxe6 33. Be2 Bb7+ 34. Bf3 Bxf3+ 35. Nxf3 h6 36. Kf1 Ra6 37. Rb2 Ra4 38. Rc2 Nb6 39. Nd2 d5 40. cxd5+ Kxd5 41. Ke2 Nd7 42. Nb3 c4 43. Rd2+ Ke6 44. Nd4+ Kf6 45. Nb5 Ne5 46. Nc3 Ra3 47. Nb5 Ra5 48. Nc3 Nd3 49. Rc2 Ke5 50. h4 a6 51. f3 Ra3 52. Nb1 Rxa2 53. Rxa2 Nc1+ 54. Kd2 Nxa2 55. Kc2 Nb4+ 56. Kc3 Nd5+ 57. Kxc4 Nxe3+ 58. Kd3 Nf1 59. f4+ Kd6 60. Na3 Nxg3 61. Nc4+ Ke6 62. Ne5 g5 63. hxg5 hxg5 64. Nf3 gxf4 65. Ng5+ Kd5 66. Nh3 Nh5 67. Ng1 Ng7 68. Nf3 Ne6 69. Nh4 Nc5+ 70. Kc3 Ke4 0-1

[Event "HUN-chT2 Charousek 1112"]
[Site "Hungary"]
[Date "2011.10.30"]
[Round "2"]
[White "Berta, Tibor"]
[Black "Antok, Daniel"]
[Result "1/2-1/2"]
[WhiteElo "2053"]
[BlackElo "2227"]
[PlyCount "26"]
[EventDate "2011.09.25"]
[EventType "team-tourn"]
[EventRounds "11"]
[EventCountry "HUN"]
[SourceTitle "EXT 2013"]
[Source "ChessBase"]
[SourceDate "2012.11.22"]
[SourceVersion "1"]
[SourceVersionDate "2012.11.22"]
[SourceQuality "1"]
[WhiteTeam "Paks II"]
[BlackTeam "BEAC"]
[WhiteTeamCountry "HUN"]
[BlackTeamCountry "HUN"]

1. d4 d5 2. Nf3 Nf6 3. c4 c6 4. cxd5 cxd5 5. Nc3 Nc6 6. Bf4 a6 7. e3 Bg4 8. Bd3 e6 9. 0-0 Bd6 10. Bg3 0-0 11. Rc1 Rc8 12. Bh4 Be7 13. h3 Bh5 1/2-1/2

[Event "HUN-chT2 Charousek 1011"]
[Site "Hungary"]
[Date "2010.10.10"]
[Round "3"]
[White "Palla, Gyorgy"]
[Black "Berta, Tibor"]
[Result "1-0"]
[WhiteElo "2095"]
[BlackElo "2112"]
[PlyCount "71"]
[EventDate "2010.09.12"]
[EventType "team-tourn"]
[EventRounds "11"]
[EventCountry "HUN"]
[SourceTitle "EXT 2012"]
[Source "ChessBase"]
[SourceDate "2011.11.24"]
[SourceVersion "1"]
[SourceVersionDate "2011.11.24"]
[SourceQuality "1"]
[WhiteTeam "Balatonfuered"]
[BlackTeam "Paks II"]
[WhiteTeamCountry "HUN"]
[BlackTeamCountry "HUN"]

1. Nf3 Nf6 2. g3 b6 3. Bg2 Bb7 4. 0-0 e6 5. c4 Be7 6. Nc3 0-0 7. d4 Ne4 8. Qc2 Nxc3 9. bxc3 f5 10. d5 Bf6 11. Ba3 Re8 12. Rad1 Qc8 13. Rfe1 g6 14. e4 fxe4 15. Rxe4 e5 16. Bh3 Qd8 17. c5 d6 18. cxd6 cxd6 19. c4 Na6 20. Re3 Qc7 21. Be6+ Kg7 22. Nd2 Bc8 23. Ne4 Be7 24. Rf3 Rf8 25. Rxf8 Kxf8 26. Qe2 Kg7 27. f4 Bxe6 28. dxe6 Rd8 29. fxe5 dxe5 30. Rf1 Rf8 31. Rxf8 Bxf8 32. Bxf8+ Kxf8 33. Qf3+ Ke8 34. Qf6 Nc5 35. Qh8+ Ke7 36. Qg7+ 1-0

[Event "HUN-chT2 Charousek 0910"]
[Site "Hungary"]
[Date "2010.03.21"]
[Round "8"]
[White "Berta, Tibor"]
[Black "Smideliusz, Mark"]
[Result "1/2-1/2"]
[WhiteElo "2120"]
[BlackElo "1969"]
[PlyCount "81"]
[EventDate "2009.11.08"]
[EventType "team-tourn"]
[EventRounds "11"]
[EventCountry "HUN"]
[SourceTitle "EXT 2011"]
[Source "ChessBase"]
[SourceDate "2010.11.26"]
[SourceVersion "1"]
[SourceVersionDate "2010.11.26"]
[SourceQuality "1"]
[WhiteTeam "Paks II"]
[BlackTeam "Sarvar"]
[WhiteTeamCountry "HUN"]
[BlackTeamCountry "HUN"]

1. d4 d5 2. Nf3 Nf6 3. c4 e6 4. Bg5 Be7 5. e3 0-0 6. Bd3 Nbd7 7. 0-0 b6 8. Nc3 Bb7 9. Qe2 c5 10. Rfd1 Rc8 11. cxd5 Nxd5 12. Bxe7 Qxe7 13. Nxd5 Bxd5 14. b3 cxd4 15. Nxd4 Nc5 16. Bc2 Qb7 17. f3 Qe7 18. Rac1 Rfd8 19. Bb1 g6 20. e4 Bb7 21. Qf2 e5 22. Ne2 Ne6 23. Rxd8+ Rxd8 24. Qe3 Nd4 25. Nxd4 Rxd4 26. h3 Kg7 27. Kh2 Qd6 28. Re1 Ba6 29. Rc1 Rd2 30. Qc3 Qd4 31. b4 Qxc3 32. Rxc3 Rb2 33. Rb3 Rxb3 34. axb3 Kf6 35. Kg3 h6 36. h4 Ke6 37. Kf2 Bb5 38. Ke3 Kd6 39. Kd2 Ke6 40. g3 h5 41. Bc2 1/2-1/2

[Event "HUN-chT2 Charousek 0910"]
[Site "Hungary"]
[Date "2010.02.28"]
[Round "7"]
[White "Berta, Tibor"]
[Black "Juracsik, Jozsef"]
[Result "1/2-1/2"]
[WhiteElo "2120"]
[BlackElo "2273"]
[PlyCount "195"]
[EventDate "2009.11.08"]
[EventType "team-tourn"]
[EventRounds "11"]
[EventCountry "HUN"]
[SourceTitle "EXT 2011"]
[Source "ChessBase"]
[SourceDate "2010.11.26"]
[SourceVersion "1"]
[SourceVersionDate "2010.11.26"]
[SourceQuality "1"]
[WhiteTeam "Paks II"]
[BlackTeam "Tapolca"]
[WhiteTeamCountry "HUN"]
[BlackTeamCountry "HUN"]

1. d4 Nf6 2. Nf3 c5 3. c3 b6 4. Bf4 Bb7 5. e3 g6 6. Bd3 Bg7 7. 0-0 0-0 8. Qe2 Nc6 9. Rd1 cxd4 10. exd4 d6 11. Ba6 Bxa6 12. Qxa6 Qc8 13. Qd3 Nh5 14. Bg3 e5 15. dxe5 dxe5 16. Qc4 Nd4 17. Qd3 e4 18. Qxe4 Re8 19. Qd3 Ne2+ 20. Kh1 Nhf4 21. Qd7 Qc5 22. Qd6 Qf5 23. Na3 Re6 24. Qd2 Bh6 25. Bxf4 Nxf4 26. Nd4 Qd5 27. f3 Rd8 28. Qc2 Red6 29. Re1 a6 30. Re4 Qg5 31. Rae1 b5 32. Re5 Qf6 33. Qe4 Bf8 34. Nac2 h6 35. Re8 Kh7 36. Rxd8 Rxd8 37. Qe5 Qxe5 38. Rxe5 Nd3 39. Re2 Nxb2 40. g3 Na4 41. Re3 Rc8 42. Ne2 Rc4 43. Rd3 Kg7 44. Kg1 Nb2 45. Rd5 Ra4 46. Nc1 Be7 47. Kf1 Bg5 48. f4 Bf6 49. Rc5 Nc4 50. Nd4 Ra3 51. Ndb3 Bxc3 52. Ke2 Bb2 53. Kd1 Bxc1 54. Nxc1 Rc3 55. Nb3 Rf3 56. Ke2 Re3+ 57. Kd1 Re6 58. Rc7 h5 59. Nc5 Rd6+ 60. Kc1 Ne3 61. Ne4 Rd1+ 62. Kb2 Rd5 63. Ng5 Rd2+ 64. Kb3 Rxh2 65. Rxf7+ Kg8 66. Rf6 a5 67. Rxg6+ Kf8 68. Rf6+ Kg7 69. Re6 Nc4 70. Re7+ Kf8 71. Rb7 Nd6 72. Ne6+ Kg8 73. Rg7+ Kh8 74. Rg5 Rh3 75. Nd4 Ne4 76. Rxb5 Rxg3+ 77. Kb2 Rg2+ 78. Nc2 Nf6 79. Rxa5 Rg7 80. Ra3 Nd5 81. Rh3 Rg4 82. Ne3 Nxe3 83. Rxe3 Rxf4 84. Re5 Kg7 85. Rxh5 Kg6 86. Rh8 Kg5 87. Kb3 Kg4 88. a4 Rf5 89. Rh4+ Kxh4 90. Kb4 Kg5 91. a5 Kf6 92. a6 Ke7 93. a7 Rf8 94. Kb5 Kd7 95. Kb6 Kd6 96. Kb7 Kc5 97. a8Q Rxa8 98. Kxa8 1/2-1/2

[Event "Paks op-A"]
[Site "Paks"]
[Date "2009.10.01"]
[Round "2"]
[White "Berta, Tibor"]
[Black "Szabo, Bence"]
[Result "1/2-1/2"]
[WhiteElo "2120"]
[BlackElo "2255"]
[PlyCount "57"]
[EventDate "2009.09.30"]
[EventType "swiss"]
[EventRounds "7"]
[EventCountry "HUN"]
[SourceTitle "EXT 2011"]
[Source "ChessBase"]
[SourceDate "2010.11.26"]
[SourceVersion "1"]
[SourceVersionDate "2010.11.26"]
[SourceQuality "1"]

1. d4 Nf6 2. Nf3 e6 3. Bg5 h6 4. Bh4 d6 5. e3 Nbd7 6. Be2 g5 7. Bg3 Bg7 8. 0-0 Qe7 9. c4 Nh5 10. Nc3 a6 11. Qd3 Nf8 12. b4 e5 13. Nd2 Nf6 14. c5 d5 15. f3 h5 16. b5 h4 17. Bxe5 Ng6 18. Bxf6 Qxf6 19. Nb3 0-0 20. a4 c6 21. f4 Bh6 22. g3 Qg7 23. Kf2 Kh8 24. bxc6 bxc6 25. a5 Bd7 26. Na4 Be8 27. Nb6 Ra7 28. Nc8 Ra8 29. Nb6 1/2-1/2

[Event "HUN-chT2 Charousek 0809"]
[Site "Hungary"]
[Date "2009.01.11"]
[Round "5"]
[White "Juracsik, Jozsef"]
[Black "Berta, Tibor"]
[Result "1-0"]
[WhiteElo "2262"]
[BlackElo "2117"]
[PlyCount "147"]
[EventDate "2008.10.26"]
[EventType "team-tourn"]
[EventRounds "11"]
[EventCountry "HUN"]
[SourceTitle "EXT 2010"]
[Source "ChessBase"]
[SourceDate "2010.11.25"]
[SourceVersion "1"]
[SourceVersionDate "2010.11.25"]
[SourceQuality "1"]
[WhiteTeam "Tapolca"]
[BlackTeam "Paks II"]
[WhiteTeamCountry "HUN"]
[BlackTeamCountry "HUN"]

1. e4 Nf6 2. e5 Nd5 3. c4 Nb6 4. c5 Nd5 5. Nc3 e6 6. d4 b6 7. cxb6 axb6 8. Nxd5 exd5 9. Bd2 d6 10. Nf3 Be7 11. Bd3 0-0 12. 0-0 c5 13. exd6 Qxd6 14. Ne5 Nc6 15. Bf4 Qf6 16. Nxc6 Qxc6 17. Re1 Bf6 18. Be5 Bd7 19. Qh5 g6 20. Qh6 Bxe5 21. Rxe5 Rfe8 22. Rh5 c4 23. Qxh7+ Kf8 24. Qh6+ Ke7 25. Re5+ Be6 26. Bf1 b5 27. h3 b4 28. Qd2 Reb8 29. Re3 Kf6 30. Rg3 Kg7 31. Qf4 Rb7 32. Be2 Rba7 33. a3 Qd7 34. h4 bxa3 35. bxa3 Qe7 36. h5 Rxa3 37. Raxa3 Rxa3 38. Qe5+ Kh7 39. hxg6+ fxg6 40. Rxa3 Qxa3 41. Qxe6 Qa1+ 42. Kh2 Qxd4 43. Qe7+ Kh8 44. Qe3 Qf6 45. Kg3 Kg7 46. Qa7+ Kh6 47. Qe3+ Kg7 48. Qf4 Qc3+ 49. Kg4 Qb2 50. Bf3 Qxf2 51. Bxd5 Qe2+ 52. Qf3 Qe8 53. Qc3+ Kh6 54. Qxc4 Qd7+ 55. Kg3 Qa7 56. Qf4+ Kg7 57. Qe5+ Kh7 58. Qe6 Kg7 59. Qg8+ Kf6 60. Qe6+ Kg7 61. Qe5+ Kh7 62. Kg4 Qd7+ 63. Qe6 Qd8 64. Qf7+ Kh6 65. Qf4+ Kg7 66. Qe5+ Kh7 67. g3 Qd7+ 68. Qe6 Qd8 69. Be4 Qd1+ 70. Bf3 Qd4+ 71. Kh3 Qd8 72. Be4 Qg5 73. Qf7+ Kh6 74. Qf4 1-0

[Event "HUN-chT2 Charousek 0809"]
[Site "Hungary"]
[Date "2008.10.26"]
[Round "1"]
[White "Berta, Tibor"]
[Black "Toth, Jozsef2222"]
[Result "1-0"]
[WhiteElo "2117"]
[BlackElo "2189"]
[PlyCount "157"]
[EventDate "2008.10.26"]
[EventType "team-tourn"]
[EventRounds "11"]
[EventCountry "HUN"]
[SourceTitle "EXT 2010"]
[Source "ChessBase"]
[SourceDate "2010.11.25"]
[SourceVersion "1"]
[SourceVersionDate "2010.11.25"]
[SourceQuality "1"]
[WhiteTeam "Paks II"]
[BlackTeam "Gyor Elektromos"]
[WhiteTeamCountry "HUN"]
[BlackTeamCountry "HUN"]

1. d4 d5 2. Nf3 c6 3. Bf4 Qb6 4. Qc1 Nf6 5. e3 Bf5 6. Be2 e6 7. 0-0 Be7 8. c4 0-0 9. Nc3 Nbd7 10. Qd2 dxc4 11. Bxc4 c5 12. Rfd1 Rfd8 13. Qe2 Bg4 14. Rab1 Rac8 15. b3 a6 16. h3 Bh5 17. Rbc1 Qa5 18. a4 cxd4 19. exd4 Nb6 20. g4 Nxc4 21. bxc4 Bg6 22. d5 Bb4 23. Be5 Bxc3 24. Bxc3 Qxa4 25. dxe6 fxe6 26. Rxd8+ Rxd8 27. Bxf6 gxf6 28. Qxe6+ Bf7 29. Qxf6 Rd1+ 30. Rxd1 Qxd1+ 31. Kg2 Qe2 32. Ne5 Qe4+ 33. Kg3 Bg6 34. Qe6+ Kg7 35. Qe7+ Kg8 36. Qe6+ Kg7 37. Qe7+ Kg8 38. Nxg6 Qxg6 39. Qxb7 Qd3+ 40. f3 Qxc4 41. h4 Qe6 42. g5 Qe1+ 43. Kg4 Qe6+ 44. Kf4 Qd6+ 45. Kf5 Qc5+ 46. Ke6 Qe3+ 47. Qe4 Qb6+ 48. Ke5 a5 49. h5 Qc7+ 50. Kf5 Qc5+ 51. Qe5 Qf8+ 52. Kg4 Qc8+ 53. Kh4 h6 54. Qxa5 Qc4+ 55. Kg3 Qe6 56. Qd8+ Kg7 57. Qd4+ Kg8 58. Qd8+ Kg7 59. gxh6+ Qxh6 60. Qe7+ Kg8 61. Kg4 Kh8 62. f4 Qc6 63. Qe5+ Kh7 64. Qf5+ Kh8 65. Qe5+ Kh7 66. f5 Qg2+ 67. Kh4 Qf2+ 68. Kg5 Qg2+ 69. Kf6 Kh6 70. Ke6 Qc6+ 71. Qd6 Qe8+ 72. Kf6 Kxh5 73. Kg7 Qe4 74. Qg6+ Kh4 75. f6 Qe5 76. Kh7 Qc7+ 77. f7 Qe7 78. Kg7 Qd7 79. Kh8 1-0